[Event "Quebec op"]
[Site "Montreal"]
[Date "1972.10.06"]
[Round "1"]
[White "Mingarelli, Marco"]
[Black "Brodie, Hugh"]
[Result "0-1"]
[WhiteElo "1600"]
[BlackElo "1800"]
[PlyCount "80"]
[EventDate "1972.10.06"]
[EventType "swiss"]
[EventRounds "7"]
[EventCountry "CAN"]
[SourceTitle "EXT 2022"]
[Source "ChessBase"]
[SourceDate "2021.10.06"]
[SourceVersion "1"]
[SourceVersionDate "2021.10.06"]
[SourceQuality "1"]

1. e4 c5 2. Nf3 d6 3. d4 cxd4 4. Nxd4 Nf6 5. Nc3 g6 6. Be3 Bg7 7. f3 0-0 8. Bc4 Nc6 9. Qd2 Bd7 10. 0-0-0 Qa5 11. Kb1 Rfc8 12. Bb3 Ne5 13. h4 Nc4 14. Bxc4 Rxc4 15. Bh6 Rxd4 16. Qxd4 Bxh6 17. g4 Bg7 18. Qd2 Be6 19. Qg5 Qxg5 20. hxg5 Nd7 21. Rh3 Rc8 22. Nd5 Bxd5 23. exd5 Rc5 24. b3 Rc3 25. Rd3 Rxd3 26. cxd3 Nb6 27. a4 Nxd5 28. Kc2 Be5 29. Rh1 Bf4 30. d4 Bxg5 31. Kd3 a6 32. Rf1 f5 33. Rf2 Kg7 34. Kc4 Ne3+ 35. Kd3 fxg4 36. fxg4 Nxg4 37. Rc2 h5 38. a5 h4 39. Rc7 h3 40. Rc1 Bxc1 0-1